Catalog

Record Details

Catalog Search



Birthday boy / by Thomas Ogren ; [edited by Kay ... Read More

Ogren, Thomas.(Author).
Series: Sundown books

Available copies

  • 1 of 1 copy available at LARL/NWRL Consortium.

Current holds

0 current holds with 1 total copy.

Show Only Available Copies
Location Call Number / Copy Notes Barcode Shelving Location Status Due Date
Roseau Public Library OGR (Text) 35500001315660 Main Available -

Record details

  • ISBN: 0883367572
  • Physical Description: 63 p. : ill. ; 18 cm.
  • Publisher: Syracuse, N.Y. : New Readers Press, c1988.
Subject: Birthdays > Fiction.
Genre: Boxing stories.
Readers for new literates.
High interest-low vocabulary books.
LDR 00825cam a2200241 4500
0015590
003LARL_NWRL_CONSORTIUM
00519900125184330.0
008880902s1988 nyua 000 1 eng d
020 . ‡a0883367572
035 . ‡a(OCoLC)20849604 ‡z(OCoLC)18440708
092 . ‡aFICTION
1001 . ‡aOgren, Thomas.
24510. ‡aBirthday boy / ‡cby Thomas Ogren ; [edited by Kay Koschnick].
260 . ‡aSyracuse, N.Y. : ‡bNew Readers Press, ‡cc1988.
300 . ‡a63 p. : ‡bill. ; ‡c18 cm.
4900 . ‡aSundown books
655 0. ‡aBoxing stories.
650 0. ‡aBirthdays ‡vFiction.
655 0. ‡aReaders for new literates.
655 0. ‡aHigh interest-low vocabulary books.
901 . ‡a5590 ‡bOCLC ‡c5590 ‡tbiblio

Additional Resources